000
00212 a2200097 4500
001
4076
100
_a
Casamassa,J.V
245
_a
jet air craft power dystems
260
_a
_b
MC-Graw-Hill
_c
090
_c
3295
_d
3295
942
_a
NUST-CAE
_c
M
_c
25502
999
_c
239149
_d
239149